[Event "16th HZ Open"]
[Site "Vlissingen NED"]
[Date "2012.08.10"]
[Round "8"]
[White "Duijker,R"]
[Black "Hulpia,F"]
[Result "1-0"]
[WhiteElo "2219"]
[BlackElo "2090"]

1.Nf3 d5 2.g3 Nf6 3.Bg2 c6 4.O-O Bg4 5.d4 Nbd7 6.c4 e6 7.h3 Bxf3 8.Bxf3 dxc4
9.Qc2 Nb6 10.Rd1 Be7 11.a4 a5 12.Na3 O-O 13.Nxc4 Nxc4 14.Qxc4 Qb6 15.b3 Rfd8
16.Bb2 Rd7 17.e3 Nd5 18.Rac1 Nb4 19.Kg2 Rad8 20.h4 Qa6 21.Qxa6 Nxa6 22.Rc4 Nb4
23.Be4 Bf6 24.g4 h6 25.Rh1 Be7 26.Kg3 Nd5 27.Re1 Bb4 28.Re2 Rd6 29.f4 b6
30.Kf3 c5 31.g5 h5 32.Rec2 Ne7 33.dxc5 Bxc5 34.Be5 R6d7 35.Rxc5 bxc5 36.Rxc5 Nd5
37.Rxa5 Rb7 38.Rb5 Rxb5 39.axb5 f6 40.gxf6 gxf6 41.Bd4 Rb8 42.Bd3 Kf7 43.e4 Nb6
44.Ke3 Ke7 45.Bc5+ Kd7 46.Be2 Nc8 47.b4 Nd6 48.b6 Nc8 49.Bxh5 Nxb6 50.Bd1 Kc6
51.Bb3 Rh8 52.Bxe6 Rxh4 53.Be7 Rh6 54.Bf8 Rh7 55.Bf5 Rf7 56.Bc5 Ra7 57.Kf3 Ra3+
58.Kg4 Nd7 59.b5+ Kxc5 60.Bxd7 Kd6 61.Bc6 Rb3 62.Kf5 Ke7 63.e5 fxe5 64.Kxe5 Re3+
65.Kd4 Re1 66.b6 Kf6 67.Be4 Re2 68.Bd3 Rb2 69.Kc5 Rb3 70.Bb5 Rc3+ 71.Bc4 Rh3
72.b7 Rh8 73.Bd3 Ke6 74.Kc6 Rf8 75.Bf1 Ke7 76.Bh3 Rf6+ 77.Kc5  1-0

[Event "ch-POR 2012"]
[Site "Pampilhosa da Serra POR"]
[Date "2012.08.11"]
[Round "8.2"]
[White "Guerreiro,N"]
[Black "Neves,P"]
[Result "1-0"]
[WhiteElo "2068"]
[BlackElo "2244"]

1.Nf3 d5 2.g3 Bg4 3.Bg2 c6 4.d3 Nd7 5.O-O e6 6.b3 h5 7.h4 Qc7 8.c4 Bd6 9.Bb2 Ne7
10.Qe1 Rg8 11.Nbd2 Bb4 12.a3 Bxf3 13.exf3 Bxd2 14.Qxd2 Nc5 15.Qd1 g5 16.hxg5 Rxg5
17.f4 Rg6 18.b4 Nd7 19.Qxh5 O-O-O 20.Rfe1 dxc4 21.dxc4 Nf5 22.Rad1 Rdg8 23.Rd3 Qb6
24.Kf1 Nc5 25.Bd4 Nxd3 26.Bxb6 Nxe1 27.Bxa7 Nxg2 28.Kxg2 Kc7 29.Bc5 b6 30.Bd4 Kb7
31.Bc3 Rd8 32.Be5 Rd2 33.Qh8 Nd6 34.Qf8  1-0

[Event "11th Braunau Open A"]
[Site "Ranshofen AUT"]
[Date "2012.08.11"]
[Round "9.5"]
[White "Ager,J"]
[Black "Farago,I"]
[Result "0-1"]
[WhiteElo "2170"]
[BlackElo "2491"]

1.Nf3 d5 2.g3 c6 3.Bg2 Nf6 4.O-O Bg4 5.d3 e6 6.c4 Nbd7 7.Qb3 Nc5 8.Qc2 Be7
9.Nbd2 O-O 10.b4 Ncd7 11.Rb1 a6 12.Bb2 Qc7 13.Ba1 Rfc8 14.h3 Bh5 15.Rfc1 Qd8
16.g4 Bg6 17.Nh4 Nf8 18.Nxg6 Nxg6 19.Nf3 Nd7 20.e3 Bf6 21.Bxf6 Nxf6 22.Qe2 Qe7
23.Nd4 Nh4 24.Bh1 e5 25.Nf3 Ng6 26.Nd2 h6 27.Nf1 Qd7 28.Ng3 Nh4 29.Rd1 Re8
30.a4 Rad8 31.b5 h5 32.bxc6 bxc6 33.g5 Nh7 34.Qxh5 Qxh3 35.Rb7 g6 36.Qh6 Qg4
37.Rdb1 Nxg5 38.Kf1 dxc4 39.Ne4 Qh3+  0-1

[Event "II Brazil Maringa Open"]
[Site "Maringa BRA"]
[Date "2012.08.12"]
[Round "9.25"]
[White "Aoyama,E"]
[Black "Camargo,M"]
[Result "0-1"]
[WhiteElo "1915"]
[BlackElo "2109"]

1.Nf3 d5 2.g3 Nf6 3.Bg2 e6 4.O-O Be7 5.d4 c6 6.c3 Nbd7 7.Nbd2 O-O 8.Qc2 Qb6
9.e4 dxe4 10.Nxe4 Rd8 11.Bg5 h6 12.Nxf6+ Nxf6 13.Be3 Nd5 14.Rae1 Bd7 15.Ne5 Be8
16.b3 c5 17.dxc5 Nxe3 18.Rxe3 Bxc5 19.Re2 Qc7 20.Qe4 Rab8 21.Qg4 b5 22.Rfe1 Rbc8
23.c4 Bd4 24.cxb5 Bxb5 25.Re4 Qb6 26.Qf4 Rc7 27.Ng4 Rc2 28.Bf1 e5 29.Rxe5 Bxe5
30.Rxe5 Bxf1 31.Kxf1 Qc6 32.f3 Rd1+ 33.Re1 Rxe1+ 34.Kxe1 Qc5  0-1

[Event "28th Geraardsbergen Open"]
[Site "Geraardsbergen BEL"]
[Date "2012.08.13"]
[Round "6.2"]
[White "Mirumian,V"]
[Black "Roofthoofd,M"]
[Result "1-0"]
[WhiteElo "2521"]
[BlackElo "2193"]

1.Nf3 d5 2.g3 g6 3.Bg2 Bg7 4.O-O e5 5.c4 d4 6.d3 Nc6 7.Na3 Nge7 8.Nc2 a5
9.Bd2 O-O 10.b3 Bf5 11.a3 e4 12.Nfe1 exd3 13.Nxd3 Re8 14.Bf4 h6 15.h4 Kh7
16.Re1 Ng8 17.b4 axb4 18.axb4 Rxa1 19.Nxa1 Be4 20.Nb3 Bxg2 21.Kxg2 Qe7 22.b5 Nb4
23.Bd2 Na2 24.Qc2 Ra8 25.e3 dxe3 26.Rxe3 Qd6 27.h5 c6 28.Rf3 Nf6 29.Nf4 Ng4
30.c5 Qd7 31.hxg6+ fxg6 32.Qxg6+ Kh8 33.Rd3  1-0

[Event "TATA 14th IBCA Olympiad"]
[Site "Chennai IND"]
[Date "2012.08.14"]
[Round "5.1"]
[White "Pribeanu,M"]
[Black "Shah,Swapa"]
[Result "1-0"]
[WhiteElo "2176"]
[BlackElo "1884"]

1.Nf3 d5 2.g3 Nf6 3.Bg2 c6 4.O-O Nbd7 5.d3 e6 6.Nbd2 Be7 7.e4 dxe4 8.dxe4 O-O
9.e5 Nd5 10.a3 Qc7 11.c4 N5b6 12.Qe2 Rd8 13.h4 Nc5 14.b4 Nd3 15.c5 Nxc1 16.Raxc1 Nd5
17.Nc4 b5 18.Nd6 Bxd6 19.exd6 Qd7 20.Nd4 a5 21.Bxd5 exd5 22.Rfe1 axb4 23.axb4 Kf8
24.Qe7+ Kg8 25.Nxc6 Rf8 26.Qxd7 Bxd7 27.Ne7+ Kh8 28.Nxd5 Bc6 29.Ne7 Bd7 30.c6 Be6
31.d7 g6 32.Rxe6 fxe6 33.c7  1-0

[Event "Miguel Najdorf Open A"]
[Site "Warsaw POL"]
[Date "2012.08.14"]
[Round "9.8"]
[White "Doluhanova,E"]
[Black "Kukawski,M"]
[Result "1/2-1/2"]
[WhiteElo "2219"]
[BlackElo "2346"]

1.Nf3 d5 2.g3 c5 3.Bg2 Nc6 4.O-O e6 5.d3 Bd6 6.e4 Nge7 7.Nc3 O-O 8.Bg5 d4
9.Ne2 f6 10.Bd2 e5 11.Ne1 b5 12.f4 a5 13.f5 a4 14.g4 h6 15.h4 Kf7 16.Ng3 Ke8
17.g5 hxg5 18.hxg5 Ng8 19.Nf3 Kd7 20.Nh5 Qe7 21.Nh4 Qf7 22.Ng6 Rd8 23.Rf3 Kc7
24.Rg3 Kb6 25.Nh8 Qf8 26.Qg4 Ra7 27.Ng6 Qf7 28.Qh4 Nb4 29.Nh8 Qf8 30.c3 Nc6
31.Ng6 Qf7 32.Nh8 Qf8 33.Ng6 Qf7 34.Nh8  1/2-1/2

[Event "TATA 14th IBCA Olympiad"]
[Site "Chennai IND"]
[Date "2012.08.17"]
[Round "7.1"]
[White "Pribeanu,M"]
[Black "Moradiyan,M"]
[Result "1-0"]
[WhiteElo "2176"]
[BlackElo "1992"]

1.Nf3 d5 2.g3 Nf6 3.Bg2 c6 4.O-O Bf5 5.d3 Nbd7 6.Nbd2 e5 7.Re1 Qc7 8.e4 dxe4
9.dxe4 Bg4 10.b3 Be7 11.Bb2 O-O 12.h3 Bh5 13.g4 Bg6 14.Nh4 Ne8 15.Nf5 Bg5
16.Ba3 c5 17.Nc4 Bxf5 18.exf5 Rb8 19.Bb2 Bf4 20.a4 Kh8 21.Qd3 f6 22.Rad1 Nb6
23.Na3 a6 24.a5 Nc8 25.Nc4 b6 26.axb6 Nxb6 27.Bc3 Nxc4 28.Qxc4 Nd6 29.Qxa6 Nb5
30.Ba5 Qe7 31.Qe6 Qa7 32.Qc4 Nd4 33.Ra1 Qe7 34.Ra2 g6 35.c3 Nxb3 36.Qxf4 Nxa5
37.Rxa5 Qd8 38.Qa4 gxf5 39.Rd1 Qb6 40.Ra7 Rfd8 41.Rdd7  1-0

[Event "2nd Metropolitan International"]
[Site "Los Angeles USA"]
[Date "2012.08.17"]
[Round "7"]
[White "Khachiyan,M"]
[Black "Yang,Dar"]
[Result "1/2-1/2"]
[WhiteElo "2478"]
[BlackElo "2486"]

1.Nf3 d5 2.g3 Nf6 3.Bg2 Bf5 4.O-O e6 5.d3 h6 6.c4 c6 7.Qb3 Qb6 8.Be3 Qxb3
9.axb3 a6 10.Bf4 Nbd7 11.h4 Bc5 12.d4 Be7 13.Nc3 Ne4 14.Nxe4 Bxe4 15.Nd2 g5
16.hxg5 hxg5 17.Bc7 Bxg2 18.Kxg2 Rc8 19.Ba5 f5 20.Rh1 Kf7 21.Bc3 Bf6 22.b4 Rxh1
23.Rxh1 Rh8 24.Ra1  1/2-1/2

[Event "25th Panevezys Open"]
[Site "Panevezys LTU"]
[Date "2012.08.17"]
[Round "7.6"]
[White "Vicas,M"]
[Black "Blokhina,E"]
[Result "0-1"]
[WhiteElo "1997"]
[BlackElo "1964"]

1.Nf3 d5 2.g3 Bg4 3.Bg2 e6 4.O-O Nf6 5.d3 Bd6 6.Nbd2 c6 7.e4 Nbd7 8.c3 O-O
9.Re1 Qc7 10.Qe2 dxe4 11.Nxe4 Nxe4 12.Qxe4 Bf5 13.Qe2 Bg4 14.d4 Rfe8 15.Be3 e5
16.Qc2 e4 17.Nd2 f5 18.Nc4 Bf8 19.Bf4 Qd8 20.Qb3 Kh8 21.Qxb7 Re6 22.Ne5 Nxe5
23.Bxe5 c5 24.Qf7 Re7 25.Qc4 Rc8 26.Qf1 Rf7 27.f3 Bh5 28.Re3 Qb6 29.Qf2 Be7
30.h4 Rcf8 31.Qd2 cxd4 32.Bxd4 Qc7 33.f4 Rd8 34.Bf1 Bc5 35.Be2 Bxe2 36.Rxe2 Rfd7
37.Rc1 Qb7 38.Qe3 Bxd4 39.cxd4 Rxd4 40.Rc3 h6 41.Rec2 Qa6 42.Qe2 Rd3 43.Kh2 Rxc3
44.bxc3 Qd6 45.c4 Qc5 46.h5 Rb8 47.Qf2 e3 48.Qf3 Re8 49.Kh3 Re4 50.a3 Qxa3
51.c5 Qa4 52.Qe2 Qxc2 53.Qxc2 e2 54.g4 e1=Q 55.gxf5 Re3+  0-1

[Event "EY Girls U16 2012"]
[Site "Prague CZE"]
[Date "2012.08.17"]
[Round "1.3"]
[White "Nicolas Zapata,I"]
[Black "Gogishvili,D"]
[Result "1-0"]
[WhiteElo "2197"]
[BlackElo "1875"]

1.Nf3 d5 2.g3 g6 3.Bg2 Bg7 4.O-O Nf6 5.c4 c6 6.cxd5 cxd5 7.d4 O-O 8.Nc3 Nc6
9.Ne5 Bf5 10.Bf4 Rc8 11.Nxc6 bxc6 12.Be5 Qd7 13.Na4 Bh3 14.Nc5 Qf5 15.f3 Qh5
16.g4 Qh6 17.Qc1 g5 18.Bxh3 Qxh3 19.Qxg5 Kh8 20.Qf4 Rg8 21.Qg3 Qh6 22.Bf4 Qg6
23.Rac1 Nh5 24.gxh5 Bxd4+ 25.Kh1 Qxh5 26.Qe1 Qh3 27.Bg3 h5 28.Qd2 Rxg3 29.Qxd4+ f6
30.Qf2 Rcg8 31.Rg1 R3g6 32.Rxg6 Rxg6 33.Rg1 Rxg1+ 34.Kxg1 e5 35.Qg3 Qf5 36.Kf2 e4
37.Qb8+ Kh7 38.Qxa7+ Kh6 39.Qa3 Qe5 40.Qe3+ Kh7 41.fxe4 d4 42.Qf3 Qxh2+ 43.Kf1 Qh4
44.Ne6  1-0

[Event "EY Girls U16 2012"]
[Site "Prague CZE"]
[Date "2012.08.17"]
[Round "1.6"]
[White "Uzlavataya,Anhelina"]
[Black "Bivol,A"]
[Result "1/2-1/2"]
[WhiteElo "1862"]
[BlackElo "2142"]

1.Nf3 d5 2.g3 c6 3.Bg2 Bg4 4.d4 Nd7 5.Ne5 Nxe5 6.dxe5 h5 7.Be3 Qd7 8.f4 Bh3
9.Bf3 h4 10.c4 Bg4 11.Bg2 hxg3 12.hxg3 Rxh1+ 13.Bxh1 e6 14.Nc3 Nh6 15.Qb3 Nf5
16.Bf2 d4 17.Rd1 Qe7 18.Bxd4 Nxg3 19.Nd5 exd5 20.Qxg3 Be6 21.cxd5 Bxd5 22.Bxd5 cxd5
23.f5 Qb4+ 24.Bc3 Qe4 25.f6 gxf6 26.exf6 O-O-O 27.Rc1 Kd7 28.Ba5 Bb4+ 29.Bxb4 Qxb4+
30.Kf1 Qd6 31.Qg4+ Qe6 32.Qa4+ Kd6 33.Qb4+ Ke5 34.Qc3+ Kf5 35.Qh3+ Ke5 36.Qg3+ Ke4
37.Rc3 d4 38.Rf3 Kd5 39.Qg5+ Kc6 40.Rb3 Rd5 41.Qg2 Qxf6+ 42.Rf3 Qe6 43.b4 Kb5
44.Qf2 f5 45.Qe1 d3 46.a4+ Kxa4 47.Qa1+ Kb5 48.exd3 Qb6 49.Rf4 Qa6 50.Qc3 Qc6
51.Rc4 Qd6 52.Ke2 f4 53.Rc7 f3+ 54.Kd2 Kb6 55.Rf7 Rd4 56.Kc2 Qc6 57.Rxf3 Rd6  1/2-1/2

[Event "EY Boys U14 2012"]
[Site "Prague CZE"]
[Date "2012.08.17"]
[Round "1.43"]
[White "Garriga Cazorla,Pere"]
[Black "Darnell,Anton"]
[Result "1-0"]
[WhiteElo "2043"]
[BlackElo "1763"]

1.Nf3 d5 2.g3 Nf6 3.Bg2 e6 4.O-O Be7 5.c4 O-O 6.d3 c5 7.cxd5 Nxd5 8.a3 Nc6
9.Nc3 b6 10.Qc2 Bb7 11.e4 Nxc3 12.bxc3 e5 13.Be3 Bf6 14.Rad1 Rc8 15.Ne1 Qe7
16.f4 Rfd8 17.f5 Rd7 18.Nf3 Rcd8 19.g4 h6 20.Rd2 Rd6 21.Rfd1 Ba6 22.Bf1 Na5
23.Bf2 c4 24.d4 Nb3 25.d5 Nxd2 26.Qxd2 Bg5 27.Be3 Bxe3+ 28.Qxe3 Qc7 29.Nxe5 f6
30.Nf3 Qc5 31.Nd4 Re8 32.Qf3 Qxa3 33.Ne6 Rc8 34.h4 Qa4 35.g5 Qd7 36.Kh1 Qf7
37.gxh6 gxh6 38.Qg3+ Kh7 39.Qxd6  1-0

[Event "11th Lichtenberger Sommer 2012"]
[Site "Berlin GER"]
[Date "2012.08.18"]
[Round "1.52"]
[White "Wege,H"]
[Black "Elsing,J"]
[Result "1/2-1/2"]
[WhiteElo "1912"]
[BlackElo "2124"]

1.Nf3 d5 2.g3 Nf6 3.Bg2 Nbd7 4.O-O e5 5.d3 c6 6.Nbd2 Bd6 7.e4 O-O 8.Rb1 a5
9.Re1 Re8 10.Nf1 dxe4 11.dxe4 Nc5 12.Nh4 Ne6 13.Nf5 Bc5 14.Be3 g6 15.Nh4 Qe7
16.c3 Rd8 17.Qc2 Ng4 18.Qe2 Nxe3 19.Nxe3 b6 20.Rbd1 Ba6 21.Qg4 Ng7 22.Qf3 h5
23.Bf1 Bxf1 24.Kxf1 Rxd1 25.Rxd1 Rd8 26.Nc4 Rxd1+ 27.Qxd1 Qf6 28.Qd2 g5 29.Ng2 Qe7
30.a3 a4 31.Nce3 f6 32.Qc2 b5 33.Qd3 Ne6 34.Nf5 Qd8 35.Qxd8+ Nxd8 36.h4 Ne6
37.Ke2 Kf7 38.Nge3 Kg6 39.Nc2 gxh4 40.Nxh4+ Kg5 41.f3 Ng7 42.Ne3 Bf8 43.Kd2 Ne6
44.Nhf5 Bc5 45.Ke2 Nd8 46.Nc2 Nb7 47.Nb4 Na5 48.Kd1 Kg6 49.Na6 Bf8 50.Ke2 Kf7
51.Nb4 Bc5 52.Na6 Bf8 53.Nb4 Ke6 54.Kd1 Kd7 55.Kc2 Nc4 56.Nd3 Na5  1/2-1/2

[Event "III Sarkany-Aranytiz IM"]
[Site "Budapest HUN"]
[Date "2012.08.18"]
[Round "1.1"]
[White "Berczes,C"]
[Black "Teglas,B"]
[Result "1-0"]
[WhiteElo "2378"]
[BlackElo "2247"]

1.Nf3 d5 2.g3 c6 3.Bg2 Nf6 4.O-O Bf5 5.d3 h6 6.Nbd2 e6 7.c4 Be7 8.a3 a5 9.b3 O-O
10.Bb2 Nbd7 11.Rc1 Re8 12.Rc2 Bh7 13.Qa1 c5 14.cxd5 exd5 15.Ne5 a4 16.Nxd7 Qxd7
17.bxa4 c4 18.Rc3 Rxa4 19.dxc4 Bb4 20.cxd5 Bxc3 21.Bxc3 Rxe2 22.Nb3 Qd6 23.Qd1 Ra2
24.Bxf6 Qxf6 25.Nc5 Bc2 26.Qe2 R4xa3 27.Qe8+ Kh7 28.Nd7 Qd6 29.Nf8+ Kg8 30.Nd7+ Kh7
31.Nf8+ Kg8 32.Ne6+ Kh7 33.Qxf7 Qe5 34.d6 Ra8 35.d7 Bd3 36.Nf8+ Rxf8 37.Qxf8 Ra1
38.d8=Q  1-0

[Event "III Sarkany-Aranytiz GM"]
[Site "Budapest HUN"]
[Date "2012.08.18"]
[Round "1.4"]
[White "Fodor,T jr"]
[Black "Gonzalez,Be CRC"]
[Result "1/2-1/2"]
[WhiteElo "2503"]
[BlackElo "2413"]

1.Nf3 d5 2.g3 Nf6 3.Bg2 c6 4.O-O Bf5 5.d3 e6 6.Nbd2 Be7 7.Qe1 h6 8.e4 Bh7
9.Qe2 O-O 10.h3 c5 11.c3 Nc6 12.Nh2 b5 13.Rd1 b4 14.Ndf1 bxc3 15.bxc3 Qa5
16.Qe1 Qa4 17.f3 Rfd8 18.Ne3 Rab8 19.Nhf1 d4 20.cxd4 cxd4 21.Nc4 Nb4 22.Qe2 Rbc8
23.Nb2 Qa6 24.a3 Nc2 25.Ra2 Nb4 26.Ra1 Nc2  1/2-1/2

[Event "12th ch-Euro Seniors w"]
[Site "Kaunas LTU"]
[Date "2012.08.18"]
[Round "1.8"]
[White "Tsifanskaya,L"]
[Black "Shmyreva,T"]
[Result "1-0"]
[WhiteElo "2133"]
[BlackElo "1709"]

1.Nf3 d5 2.g3 c6 3.Bg2 Nd7 4.O-O e5 5.d3 Bd6 6.c3 Ne7 7.e4 O-O 8.Nbd2 Nc5
9.Qc2 Bg4 10.b4 Ne6 11.Re1 d4 12.cxd4 exd4 13.a3 a5 14.bxa5 Qxa5 15.h3 Bh5
16.Nc4 Qd8 17.Nxd6 Qxd6 18.Nh4 Ra5 19.Qd2 Qc7 20.g4 Bg6 21.f4 Nc5 22.Qc2 f6
23.Bd2 Rb5 24.a4 Nxa4 25.Qxa4 Rb2 26.Ra2 b5 27.Qa3 Rxa2 28.Qxa2+ Bf7 29.Qb2 Qb6
30.Ra1 c5 31.Nf3 Nc6 32.Kh1 Rb8 33.g5 fxg5 34.Nxg5 c4 35.Nxf7 Kxf7 36.e5 Ke6
37.Bb4 g6 38.Bd6 Rb7 39.Qe2 h5 40.dxc4 b4 41.c5 Qb5 42.Qxb5 Rxb5 43.Bxc6  1-0

[Event "EY Girls U16 2012"]
[Site "Prague CZE"]
[Date "2012.08.18"]
[Round "2.18"]
[White "Sroubova,Lenka"]
[Black "Dragieva,D"]
[Result "1-0"]
[WhiteElo "1772"]
[BlackElo "2005"]

1.Nf3 d5 2.g3 Nf6 3.Bg2 c5 4.d3 Nc6 5.Nbd2 e6 6.O-O Be7 7.e4 Qc7 8.Re1 O-O
9.e5 Nd7 10.Qe2 b6 11.Nf1 Bb7 12.h4 Rac8 13.Bf4 Rfe8 14.N1h2 Nf8 15.h5 Nd7
16.Ng4 Bf8 17.c3 b5 18.Qc2 d4 19.cxd4 cxd4 20.Rac1 Qb6 21.Qe2 Nc5 22.h6 Re7
23.hxg7 Bxg7 24.Nf6+ Kf8 25.Nxh7+ Ke8 26.Nf6+ Bxf6 27.exf6 Rd7 28.Ng5 Kd8
29.Qh5  1-0

[Event "EY Girls U16 2012"]
[Site "Prague CZE"]
[Date "2012.08.18"]
[Round "2.5"]
[White "Kiseleva,A"]
[Black "Smirnova,Ek"]
[Result "1/2-1/2"]
[WhiteElo "1937"]
[BlackElo "2113"]

1.Nf3 d5 2.g3 Nf6 3.Bg2 Bf5 4.O-O e6 5.c4 c6 6.d3 Be7 7.cxd5 exd5 8.Qc2 O-O
9.Nc3 d4 10.Ne4 Na6 11.a3 c5 12.Nh4 Bc8 13.Nf3 Re8 14.Rd1 Nd5 15.e3 dxe3
16.fxe3 Bf5 17.Nf2 Bg6 18.e4 Nf6 19.Bd2 Nc7 20.Nh3 Nb5 21.Nf4 Rc8 22.Bh3 Rc7
23.Nxg6 hxg6 24.Bf4 Bd6 25.Bxd6 Qxd6 26.Qf2 Nd4 27.Nxd4 cxd4 28.Rac1 Rxc1
29.Rxc1 Nd7 30.Bxd7 Qxd7 31.Rc4 Rd8 32.Qc2 Qg4 33.Kg2 Rd6 34.h3 Qg5 35.Qc1 Qh5
36.Rc8+ Kh7 37.Qf4 Qe2+ 38.Kg1 Qe3+ 39.Kg2 Qe2+ 40.Kg1 Qe1+ 41.Kg2 Qe2+  1/2-1/2

[Event "LBV Open A 2012"]
[Site "Roosendaal NED"]
[Date "2012.08.18"]
[Round "4.26"]
[White "Lammens,Tim"]
[Black "Emelianova,M"]
[Result "1-0"]
[WhiteElo "2321"]
[BlackElo "2113"]

1.Nf3 d5 2.g3 Nf6 3.Bg2 c5 4.O-O Nc6 5.d4 b6 6.c4 e6 7.Nc3 Bb7 8.Bg5 cxd4
9.Nxd4 Be7 10.Nxc6 Bxc6 11.cxd5 exd5 12.Qb3 Rc8 13.Rfd1 O-O 14.Bxf6 Bxf6
15.Bxd5 Qe7 16.Bxc6 Rxc6 17.Qa4 Rfc8 18.Nd5 Qxe2 19.Re1 Qc2 20.Nxf6+ gxf6
21.Qxa7 Qxb2 22.Rab1 Qc3 23.Qd7 Qf3 24.Rb3 Rc3 25.Qxc8+  1-0

[Event "Husek Vienna Open A"]
[Site "Vienna AUT"]
[Date "2012.08.18"]
[Round "6"]
[White "Stanec,N"]
[Black "Rudolf,An"]
[Result "1/2-1/2"]
[WhiteElo "2528"]
[BlackElo "2289"]

1.Nf3 d5 2.g3 Nf6 3.Bg2 e6 4.O-O Be7 5.d3 b6 6.b3 Bb7 7.Bb2 O-O 8.Nbd2 c5
9.e3 Nc6 10.a3 Qc7 11.Qe2 Rfd8 12.c4 Na5 13.Rac1 dxc4 14.bxc4 a6 15.e4 b5
16.Ne5 Nd7 17.Ndf3 f6 18.Ng4 Nf8 19.Ne3 Rd7 20.Qc2 Rad8 21.Rfd1 Qb6 22.Rb1 Nc6
23.Bh3 b4 24.Qe2 a5 25.Ng2 Bd6 26.axb4 axb4 27.Ra1 Ne5 28.Nfe1 Nc6 29.f4 Nd4
30.Bxd4 cxd4 31.e5 Bc5 32.exf6 gxf6 33.Nf3 Re7 34.Ngh4 Ng6 35.Re1 Kf7 36.Qf2 Nxh4
37.Nxh4 Ra8 38.Rxa8 Bxa8 39.Qe2 b3 40.Rb1 Ba3 41.Qh5+ Kg7 42.Qg4+ Kf8 43.Qh5 Kg7
44.Qg4+ Kf8 45.Qh5  1/2-1/2

[Event "e2e4 Gatwick Masters B 2012"]
[Site "Crawley ENG"]
[Date "2012.08.19"]
[Round "3.5"]
[White "Ghasi,A"]
[Black "Michielsen,J"]
[Result "1-0"]
[WhiteElo "2418"]
[BlackElo "2367"]

1.Nf3 d5 2.g3 Bg4 3.Bg2 Nd7 4.c4 e6 5.cxd5 exd5 6.d3 Ngf6 7.h3 Bxf3 8.Bxf3 Bd6
9.O-O O-O 10.Nc3 c6 11.e4 dxe4 12.dxe4 Qe7 13.Bg2 Bb4 14.Qc2 Rfe8 15.Re1 Rad8
16.Be3 Nc5 17.f3 Ne6 18.Rad1 Bc5 19.Qf2 Bxe3 20.Qxe3 Qc5 21.Qxc5 Nxc5 22.Bf1 a5
23.Kf2 Kf8 24.Rxd8 Rxd8 25.Rd1 Rxd1 26.Nxd1 g6 27.Nc3 Ke7 28.Ke3 Nfd7 29.f4 f6
30.h4 Nb6 31.b3 Nbd7 32.Bh3 Nb6 33.Kd4 Ne6+ 34.Kd3 Nc5+ 35.Kc2 Ne6 36.Ne2 Nc5
37.Bg2 Ne6 38.Kc3 Kd6 39.Bh3 Nc5 40.Kd4 Ne6+ 41.Ke3 Nc5 42.Nc1 Nbd7 43.Bg4 Nb6
44.Kd4 Ne6+ 45.Bxe6 c5+ 46.Kc3 Kxe6 47.Nd3 Kd6 48.Nb2 Kc6 49.Nc4 Nxc4 50.bxc4 h6
51.Kb3 b5 52.cxb5+ Kxb5 53.a4+ Kc6 54.Kc4 Kd6 55.h5 gxh5 56.Kb5 c4 57.Kxc4 Kc6
58.e5 fxe5 59.fxe5 Kd7 60.Kb5  1-0

[Event "21st Feffernitz Open"]
[Site "Feffernitz AUT"]
[Date "2012.08.19"]
[Round "1.17"]
[White "Sonnberger,Bernd"]
[Black "Wochein,M"]
[Result "0-1"]
[WhiteElo "1665"]
[BlackElo "2050"]

1.Nf3 d5 2.g3 c5 3.Bg2 Nc6 4.d3 e5 5.Nbd2 Nf6 6.O-O Be7 7.e4 d4 8.a3 O-O
9.b3 Be6 10.Ng5 Bg4 11.f3 Bh5 12.Qe1 Ne8 13.Nh3 f6 14.f4 b5 15.f5 Nd6 16.Bf3 Bf7
17.Qd1 c4 18.Bh5 g6 19.fxg6 hxg6 20.Qg4 Kh7 21.Bxg6+ Bxg6 22.bxc4 bxc4 23.Nxc4 Nxc4
24.Qh4+ Kg8 25.Qg4 Kg7 26.dxc4 Na5 27.Qe6 Bxe4 28.Qg4+ Bg6 29.Rf5 Qc7  0-1

[Event "12th ch-Euro Seniors"]
[Site "Kaunas LTU"]
[Date "2012.08.19"]
[Round "2.6"]
[White "Tchetchelnitski,B"]
[Black "Barle,J"]
[Result "0-1"]
[WhiteElo "2195"]
[BlackElo "2382"]

1.g3 d5 2.Nf3 Nc6 3.d4 Bf5 4.Bg2 e6 5.O-O Nf6 6.b3 Be7 7.Bb2 h6 8.Nbd2 O-O
9.c4 Ne4 10.cxd5 exd5 11.Rc1 a5 12.a3 Ra6 13.Nb1 Re8 14.Nc3 Nxc3 15.Rxc3 Be4
16.Bh3 Na7 17.Nd2 Nb5 18.Nxe4 dxe4 19.Re3 Bxa3 20.Bxa3 Nxa3 21.Bg2 Rd6 22.Qd2 c6
23.Bxe4 Rxd4 24.Bd3 Rxe3 25.fxe3 Rd5 26.Ra1 Qe7 27.Qc1 Nb5 28.Rxa5 Nc7 29.Ra4 Re5
30.Kf2 g6 31.Rh4 h5 32.Qc4 Nd5 33.e4 Nf6 34.Rf4 Ng4+ 35.Kg1 Rc5 36.Qd4 Rc1+
37.Kg2 g5 38.Rf3 f6 39.h3 Ne5 40.Rf5 Kg7 41.h4 gxh4 42.Rxh5 Qc5 43.Qxc5 Rxc5
44.Rxh4 Rc3 45.Bc4 Nxc4 46.bxc4 Rxc4 47.Kf3 b5 48.Ke3 b4 49.Kd3 Rc3+ 50.Kd2 Rc5
51.e5 Rd5+ 52.Ke1 c5 53.exf6+ Kxf6 54.Rh6+ Ke5 55.Rh5+ Ke4 56.Rh4+ Ke3 57.Rf4 Rh5
58.Rf3+ Kd4 59.Kd2 c4 60.Rf4+ Kc5 61.g4 Rh3 62.Rf5+ Kd4 63.Rf4+ Kd5 64.Rf3 Rh1
65.Rg3 b3 66.Kc3 Rc1+ 67.Kb2 Rc2+ 68.Kb1 Kd4 69.g5 c3 70.Rd3+ Kc4 71.Re3 Rb2+
72.Kc1 Ra2  0-1

[Event "12th ch-Euro Seniors"]
[Site "Kaunas LTU"]
[Date "2012.08.19"]
[Round "2.9"]
[White "Berkovich,M"]
[Black "Visockis,J"]
[Result "1-0"]
[WhiteElo "2366"]
[BlackElo "2155"]

1.Nf3 d5 2.g3 c6 3.Bg2 Bg4 4.c4 e6 5.O-O Nd7 6.cxd5 exd5 7.d3 Bxf3 8.Bxf3 Bd6
9.e4 dxe4 10.dxe4 Qe7 11.Nc3 O-O-O 12.Be3 Bc5 13.Bf4 Ne5 14.Bg4+ Nxg4 15.Qxg4+ Qd7
16.Qxg7 Bd4 17.Be5 f6 18.Qxd7+ Rxd7 19.Bxd4 Rxd4 20.Rfd1 Rxd1+ 21.Rxd1 Ne7
22.Kg2 Kc7 23.f4 b5 24.Kf3 h5 25.Ne2 a6 26.h3 Nc8 27.Nd4 c5 28.Ne6+ Kc6 29.Rd5 c4
30.Nd4+ Kb6 31.a3 Kc7 32.Rf5 Rh6  1-0

[Event "12th ch-Euro Seniors w"]
[Site "Kaunas LTU"]
[Date "2012.08.19"]
[Round "2.3"]
[White "Bogumil,T"]
[Black "Fomina,T"]
[Result "1/2-1/2"]
[WhiteElo "2088"]
[BlackElo "2189"]

1.Nf3 d5 2.g3 Nc6 3.d4 Bf5 4.Bg2 Nb4 5.Na3 e6 6.O-O Nf6 7.c3 Na6 8.b4 c6
9.Nc2 Nc7 10.Bg5 Be7 11.Bxf6 Bxf6 12.Ne3 Be4 13.Ng4 Be7 14.Nge5 O-O 15.Nd2 Bxg2
16.Kxg2 a5 17.a3 Bd6 18.f4 Qe7 19.e4 f6 20.Nd3 e5 21.dxe5 fxe5 22.f5 dxe4
23.Qb3+ Kh8 24.Nxe4 axb4 25.cxb4 Nd5 26.Rae1 Rae8 27.Ndc5 Bb8 28.h4 g6 29.fxg6 hxg6
30.Ng5 Ba7 31.Qd3 Bxc5 32.bxc5 Kg7 33.Ne4 Rxf1  1/2-1/2

[Event "12th ch-Euro Seniors"]
[Site "Kaunas LTU"]
[Date "2012.08.19"]
[Round "2.33"]
[White "Taksrud,V"]
[Black "Birkestrand,O"]
[Result "1-0"]
[WhiteElo "2057"]
[BlackElo "1862"]

1.Nf3 d5 2.g3 Nf6 3.Bg2 g6 4.O-O Bg7 5.c4 c6 6.d4 O-O 7.Nc3 Na6 8.cxd5 cxd5
9.Bf4 Nh5 10.Be3 Nf6 11.Qb3 b6 12.Rac1 Bb7 13.Nb5 e6 14.Rc2 Qe7 15.a3 Rfc8
16.Rfc1 Rxc2 17.Rxc2 Ne8 18.Bf4 Bc8 19.Ne5 Bxe5 20.dxe5 Nc5 21.Qe3 Ba6 22.Nd4 Bb7
23.b4 Na6 24.h4 Rc8 25.Rxc8 Bxc8 26.Bg5 Qd7 27.h5 Nac7 28.Qc1 Bb7 29.hxg6 hxg6
30.Bf1 Kg7 31.Qf4 Kg8 32.Bh3 Ng7 33.Bf6 Nce8 34.Qh6 Nxf6 35.exf6 Ne8 36.Nxe6 fxe6
37.Qxg6+ Kf8 38.Qh6+ Kf7 39.Qh7+  1-0

[Event "EY Boys U18 2012"]
[Site "Prague CZE"]
[Date "2012.08.19"]
[Round "3.6"]
[White "Gabuzyan,H"]
[Black "Andreev,Sa"]
[Result "1-0"]
[WhiteElo "2488"]
[BlackElo "2197"]

1.g3 d5 2.Nf3 Nf6 3.Bg2 g6 4.d4 Bg7 5.c4 c6 6.cxd5 cxd5 7.Nc3 O-O 8.Ne5 Nc6
9.O-O e6 10.Nxc6 bxc6 11.Bf4 Nh5 12.Be3 e5 13.dxe5 Bxe5 14.Bd4 Qf6 15.Bxe5 Qxe5
16.e3 Nf6 17.Rc1 h5 18.Qa4 Bd7 19.Rfd1 Kg7 20.Qd4 Qxd4 21.Rxd4 Be6 22.Na4 Rfc8
23.Nc5 Ne8 24.Ra4 Rc7 25.Na6 Rb7 26.b3 Rb6 27.Rc5 Bc8 28.Rca5 f5 29.Bf1 Rb7
30.Nc5 Rc7 31.Ba6 Bxa6 32.Nxa6 Rb7 33.Nc5 Rb5 34.Rxa7+ Rxa7 35.Rxa7+ Kf6
36.Nd7+ Ke6 37.Nf8+ Kf6 38.Nh7+ Ke6 39.Ng5+ Kd6 40.Nf7+ Ke6 41.Nd8+ Kd6 42.Ra6 Kc7
43.Ra8 Nf6 44.h4 c5 45.Ne6+ Kb7 46.Ra4 Ne4 47.Nd8+ Kc7 48.Nf7 c4 49.bxc4 Rb1+
50.Kg2 Rb2 51.cxd5 Rxf2+ 52.Kg1 Rf3 53.Rc4+ Kb8 54.d6 Nf6 55.Ne5 Rxe3 56.d7  1-0

[Event "12th ch-Euro Seniors w"]
[Site "Kaunas LTU"]
[Date "2012.08.20"]
[Round "3.7"]
[White "Tsifanskaya,L"]
[Black "Januseviciute,D"]
[Result "1-0"]
[WhiteElo "2133"]
[BlackElo "1793"]

1.Nf3 d5 2.g3 Nf6 3.Bg2 g6 4.O-O Bg7 5.d4 O-O 6.c4 dxc4 7.Na3 c6 8.Nxc4 Nbd7
9.Bd2 Re8 10.Rc1 Ne4 11.Be1 Nd6 12.Nce5 f6 13.Qb3+ Kf8 14.Nxd7+ Bxd7 15.Bc3 a5
16.Rfe1 a4 17.Qc2 Be6 18.Qb1 f5 19.Ng5 Bg8 20.e3 h6 21.Nf3 Bd5 22.Nh4 Kf7
23.Bxd5+ cxd5 24.f3 e6 25.Ng2 Qb6 26.a3 Nc4 27.Qc2 Rec8 28.Qe2 Nd6 29.Bb4 Bf8
30.Bxd6 Bxd6 31.Rc2 Rc6 32.Rec1 Rac8 33.Ne1 g5 34.Rxc6 Rxc6 35.Rxc6 Qxc6
36.Qc2 Qd7 37.f4 b5 38.Nd3 Qb7 39.Kf2 Kf6 40.Qc3 Ke7 41.Ke2 Qa6 42.Kd2 Kf7
43.Kc2 Qb7 44.h3 Kf6 45.Nc5 Qa8 46.Nd7+ Ke7 47.Nb6 Qb7 48.Nc8+ Kd7 49.Nxd6 Kxd6
50.Qc5+ Kd7 51.Kc3 g4 52.h4 Qc6 53.Kb4 Kc7 54.Qxc6+ Kxc6  1-0

[Event "EY Girls U16 2012"]
[Site "Prague CZE"]
[Date "2012.08.20"]
[Round "4.6"]
[White "Uzlavataya,Anhelina"]
[Black "Cemhan,K"]
[Result "1-0"]
[WhiteElo "1862"]
[BlackElo "1938"]

1.Nf3 d5 2.g3 Nf6 3.Bg2 e6 4.d4 Be7 5.O-O O-O 6.c4 dxc4 7.Qc2 a6 8.Qxc4 b5
9.Qc2 Bb7 10.Bf4 Nd5 11.Nc3 Nxf4 12.gxf4 g6 13.Rfd1 Nd7 14.Ne4 Bxe4 15.Qxe4 c5
16.Ne5 Rc8 17.dxc5 f5 18.Qb1 Bxc5 19.Nxd7  1-0